[Event "Stay Safe Play From Home 420"]
[Site "Emanuel Lasker Arena"]
[Date "2020.08.30"]
[Round "8"]
[White "Tumnik_ad"]
[Black "Mamba2001de"]
[Result "1-0"]
[WhiteElo "1940"]
[BlackElo "1486"]
[Annotator "NA"]
[PlyCount "93"]
[EventDate "2020.08.30"]
[EventType "swiss (blitz)"]

1. c3 {[%emt 0:00:00]} e6 {[%emt 0:00:01]} 2. d3 {[%emt 0:00:00]} d5 {[%emt 0:00:01]} 3. Nd2 {[%emt 0:00:00]} Nf6 {[%emt 0:00:01]} 4. h3 {[%emt 0:00:00]} Bd6 {[%emt 0:00:01]} 5. g4 {[%emt 0:00:00]} c5 {[%emt 0:00:01]} 6. Bg2 {[%emt 0:00:00]} Nfd7 {[%emt 0:00:01]} 7. Nf1 {[%emt 0:00:00]} Nc6 {[%emt 0:00:01]} 8. Nf3 {[%emt 0:00:01]} O-O {[%emt 0:00:01]} 9. e4 {[%emt 0:00:01]} f6 {[%emt 0:00:00]} 10. exd5 {[%emt 0:00:01]} exd5 {[%emt 0:00:01]} 11. Nh4 {[%emt 0:00:01]} Nde5 {[%emt 0:00:01]} 12. Bxd5+ {[%emt 0:00:01]} Kh8 {[%emt 0:00:01]} 13. Bxc6 {[%emt 0:00:03]} bxc6 {[%emt 0:00:01]} 14. f4 {[%emt 0:00:03]} Ng6 {[%emt 0:00:02]} 15. Nxg6+ {[%emt 0:00:01]} hxg6 {[%emt 0:00:01]} 16. Ng3 {[%emt 0:00:05]} Re8+ {[%emt 0:00:01]} 17. Ne2 {[%emt 0:00:05]} Qe7 {[%emt 0:00:01]} 18. Rh2 {[%emt 0:00:02]} c4 {[%emt 0:00:02]} 19. d4 {[%emt 0:00:02]} c5 {[%emt 0:00:01]} 20. Bd2 {[%emt 0:00:01]} cxd4 {[%emt 0:00:01]} 21. cxd4 {[%emt 0:00:00]} Ba6 {[%emt 0:00:03]} 22. Bc3 {[%emt 0:00:02]} Rac8 {[%emt 0:00:03]} 23. Qd2 {[%emt 0:00:01]} Qc7 {[%emt 0:00:02]} 24. O-O-O {[%emt 0:00:02]} Rxe2 {[%emt 0:00:03]} 25. Qxe2 {[%emt 0:00:00]} Bxf4+ {[%emt 0:00:01]} 26. Rd2 {[%emt 0:00:06]} g5 {[%emt 0:00:01]} 27. h4 {[%emt 0:00:05]} Qd7 {[%emt 0:00:01]} 28. hxg5+ {[%emt 0:00:01]} Kg8 {[%emt 0:00:01]} 29. gxf6 {[%emt 0:00:03]} gxf6 {[%emt 0:00:02]} 30. Qe4 {[%emt 0:00:06]} Bxd2+ {[%emt 0:00:01]} 31. Bxd2 {[%emt 0:00:02]} Qg7 {[%emt 0:00:00]} 32. Re2 {[%emt 0:00:02]} Rf8 {[%emt 0:00:02]} 33. Qe6+ {[%emt 0:00:01]} Qf7 {[%emt 0:00:02]} 34. Qxa6 {[%emt 0:00:00]} Qd7 {[%emt 0:00:02]} 35. Qe6+ {[%emt 0:00:01]} Qxe6 {[%emt 0:00:02]} 36. Rxe6 {[%emt 0:00:00]} Rd8 {[%emt 0:00:01]} 37. Re7 {[%emt 0:00:01]} Rxd4 {[%emt 0:00:01]} 38. Bc3 {[%emt 0:00:01]} Rd3 {[%emt 0:00:02]} 39. Rxa7 {[%emt 0:00:01]} Rg3 {[%emt 0:00:01]} 40. Ra8+ {[%emt 0:00:01]} Kf7 {[%emt 0:00:02]} 41. Ra7+ {[%emt 0:00:00]} Kg6 {[%emt 0:00:01]} 42. Ra6 {[%emt 0:00:00]} Rxg4 {[%emt 0:00:01]} 43. Rxf6+ {[%emt 0:00:00]} Kg5 {[%emt 0:00:01]} 44. Rc6 {[%emt 0:00:00]} Kf4 {[%emt 0:00:01]} 45. Kc2 {[%emt 0:00:00]} Ke3 {[%emt 0:00:00]} 46. Bd2+ {[%emt 0:00:00]} Ke4 {[%emt 0:00:03]} 47. Rc5 {[%emt 0:00:00] Zeit (Lag: Av=0.30s, max=1.0s) ' ' '} 1-0

[Event "Stay Safe Play From Home 420"]
[Site "Emanuel Lasker Arena"]
[Date "2020.08.30"]
[Round "8"]
[White "Padmaesh M K"]
[Black "Ao017545"]
[Result "1-0"]
[WhiteElo "1778"]
[BlackElo "1671"]
[Annotator "NA"]
[PlyCount "49"]
[EventDate "2020.08.30"]
[EventType "swiss (blitz)"]

1. Nf3 {[%emt 0:00:01]} e5 {[%emt 0:00:00]} 2. g3 {[%emt 0:00:00]} e4 {[%emt 0:00:01]} 3. Ng1 {[%emt 0:00:01]} Bc5 {[%emt 0:00:01]} 4. Bg2 {[%emt 0:00:01]} Qf6 {[%emt 0:00:01]} 5. e3 {[%emt 0:00:01]} d5 {[%emt 0:00:02]} 6. c4 {[%emt 0:00:01]} c6 {[%emt 0:00:03]} 7. cxd5 {[%emt 0:00:02]} cxd5 {[%emt 0:00:01]} 8. Nc3 {[%emt 0:00:00]} Ne7 {[%emt 0:00:03]} 9. b3 {[%emt 0:00:01]} O-O {[%emt 0:00:04]} 10. Bb2 {[%emt 0:00:01]} Qg5 {[%emt 0:00:04]} 11. h4 {[%emt 0:00:04]} Qg6 {[%emt 0:00:03]} 12. Rc1 {[%emt 0:00:02]} Bg4 {[%emt 0:00:02]} 13. Nge2 {[%emt 0:00:02]} Nbc6 {[%emt 0:00:03]} 14. Nxd5 {[%emt 0:00:02]} Nxd5 {[%emt 0:00:04]} 15. Rxc5 {[%emt 0:00:02]} Nf6 {[%emt 0:00:06]} 16. Qc1 {[%emt 0:00:03]} Rae8 {[%emt 0:00:02]} 17. Nf4 {[%emt 0:00:01]} Qh6 {[%emt 0:00:02]} 18. Bh3 {[%emt 0:00:01]} Bxh3 {[%emt 0:00:03]} 19. Rxh3 {[%emt 0:00:02]} Re6 {[%emt 0:00:02]} 20. Bxf6 {[%emt 0:00:03]} Rxf6 {[%emt 0:00:02]} 21. Rh5 {[%emt 0:00:02]} Rxf4 {[%emt 0:00:03]} 22. Rxh6 {[%emt 0:00:01]} Rxf2 {[%emt 0:00:03]} 23. Kxf2 {[%emt 0:00:02]} gxh6 {[%emt 0:00:01]} 24. Qc4 {[%emt 0:00:01]} Ne5 {[%emt 0:00:00]} 25. Qxe4 {[%emt 0:00:01] Zaman Zaman Zaman (Lag: Av=0.70s, max=1.0s) (Lag: Av=0.70s, max=1.0s) (Lag: Av=0.70s, max=1.0s)} 1-0

[Event "Stay Safe Play From Home 420"]
[Site "Emanuel Lasker Arena"]
[Date "2020.08.30"]
[Round "8"]
[White "W Nelles"]
[Black "Tran Minh Thang"]
[Result "0-1"]
[WhiteElo "1319"]
[BlackElo "2530"]
[PlyCount "32"]
[EventDate "2020.08.30"]
[EventType "swiss (blitz)"]

1. e4 {[%emt 0:00:01]} c5 {[%emt 0:00:01]} 2. Nf3 {[%emt 0:00:04]} e6 {[%emt 0:00:00]} 3. Bc4 {[%emt 0:00:02]} a6 {[%emt 0:00:01]} 4. O-O {[%emt 0:00:02]} b5 {[%emt 0:00:00]} 5. Be2 {[%emt 0:00:02]} Bb7 {[%emt 0:00:00]} 6. c3 {[%emt 0:00:02]} Bxe4 {[%emt 0:00:01]} 7. d3 {[%emt 0:00:01]} Bb7 {[%emt 0:00:01]} 8. Bf4 {[%emt 0:00:02]} Nf6 {[%emt 0:00:00]} 9. Ne5 {[%emt 0:00:02]} Be7 {[%emt 0:00:01]} 10. Nd2 {[%emt 0:00:02]} O-O {[%emt 0:00:01]} 11. Ndf3 {[%emt 0:00:02]} d6 {[%emt 0:00:00]} 12. Nxf7 {[%emt 0:00:04]} Rxf7 {[%emt 0:00:01]} 13. Nh4 {[%emt 0:00:01]} Nd5 {[%emt 0:00:01]} 14. g3 {[%emt 0:00:04]} Bxh4 {[%emt 0:00:01]} 15. gxh4 {[%emt 0:00:03]} Nxf4 {[%emt 0:00:01]} 16. Bh5 {[%emt 0:00:01]} Nh3# {[%emt 0:00:01] (Lag: Av=0.79s, max=1.0s) (Lag: Av=0.79s, max=1.0s) (Lag: Av=0.79s, max=1.0s)} 0-1

[Event "Stay Safe Play From Home 420"]
[Site "Emanuel Lasker Arena"]
[Date "2020.08.30"]
[Round "8"]
[White "M0ises"]
[Black "KING o KONG"]
[Result "1-0"]
[WhiteElo "1198"]
[BlackElo "971"]
[Annotator "NA"]
[PlyCount "49"]
[EventDate "2020.08.30"]
[EventType "swiss (blitz)"]

1. e4 {[%emt 0:00:01]} e6 {[%emt 0:00:01]} 2. Nf3 {[%emt 0:00:01]} d6 {[%emt 0:00:01]} 3. d4 {[%emt 0:00:01]} b6 {[%emt 0:00:01]} 4. c4 {[%emt 0:00:01]} Bb7 {[%emt 0:00:01]} 5. Nc3 {[%emt 0:00:02]} Bxe4 {[%emt 0:00:01]} 6. Nxe4 {[%emt 0:00:02]} g6 {[%emt 0:00:01]} 7. Bd3 {[%emt 0:00:01]} f5 {[%emt 0:00:01]} 8. O-O {[%emt 0:00:01]} fxe4 {[%emt 0:00:01]} 9. Bxe4 {[%emt 0:00:01]} Bg7 {[%emt 0:00:01]} 10. Bc6+ {[%emt 0:00:01]} Nxc6 {[%emt 0:00:02]} 11. d5 {[%emt 0:00:01]} Nb4 {[%emt 0:00:07]} 12. Re1 {[%emt 0:00:04]} Ne7 {[%emt 0:00:02]} 13. dxe6 {[%emt 0:00:01]} Nf5 {[%emt 0:00:08]} 14. a3 {[%emt 0:00:01]} Qe7 {[%emt 0:00:01]} 15. Nd4 {[%emt 0:00:05]} O-O-O {[%emt 0:00:04]} 16. Nxf5 {[%emt 0:00:02]} gxf5 {[%emt 0:00:02]} 17. axb4 {[%emt 0:00:04]} Rdf8 {[%emt 0:00:03]} 18. Qd5 {[%emt 0:00:01]} c6 {[%emt 0:00:07]} 19. Qxc6+ {[%emt 0:00:02]} Qc7 {[%emt 0:00:01]} 20. Qxc7+ {[%emt 0:00:03]} Kxc7 {[%emt 0:00:01]} 21. e7 {[%emt 0:00:05]} Re8 {[%emt 0:00:01]} 22. Bg5 {[%emt 0:00:02]} Rhg8 {[%emt 0:00:06]} 23. Rxa7+ {[%emt 0:00:02]} Kc6 {[%emt 0:00:03]} 24. b5+ {[%emt 0:00:02]} Kc5 {[%emt 0:00:02]} 25. Be3+ {[%emt 0:00:00] TimeB TimeB TimeB} 1-0

[Event "Stay Safe Play From Home 420"]
[Site "Emanuel Lasker Arena"]
[Date "2020.08.30"]
[Round "9"]
[White "Tran Minh Thang"]
[Black "M0ises"]
[Result "1-0"]
[WhiteElo "2530"]
[BlackElo "1205"]
[PlyCount "29"]
[EventDate "2020.08.30"]
[EventType "swiss (blitz)"]

1. b3 {[%emt 0:00:01]} c5 {[%emt 0:00:00]} 2. Bb2 {[%emt 0:00:00]} d6 {[%emt 0:00:03]} 3. Nf3 {[%emt 0:00:00]} Nc6 {[%emt 0:00:01]} 4. e3 {[%emt 0:00:00]} Bf5 {[%emt 0:00:02]} 5. d4 {[%emt 0:00:00]} Bxc2 {[%emt 0:00:02]} 6. Qxc2 {[%emt 0:00:01]} cxd4 {[%emt 0:00:01]} 7. Nxd4 {[%emt 0:00:01]} Nxd4 {[%emt 0:00:01]} 8. Bxd4 {[%emt 0:00:00]} e5 {[%emt 0:00:02]} 9. Bb5+ {[%emt 0:00:01]} Ke7 {[%emt 0:00:03]} 10. Nc3 {[%emt 0:00:01]} a6 {[%emt 0:00:02]} 11. Nd5+ {[%emt 0:00:00]} Ke6 {[%emt 0:00:04]} 12. Bc4 {[%emt 0:00:05]} Qa5+ {[%emt 0:00:02]} 13. Bc3 {[%emt 0:00:01]} Qc5 {[%emt 0:00:05]} 14. g4 {[%emt 0:00:03]} Nf6 {[%emt 0:00:04]} 15. Qf5# {[%emt 0:00:01] (Lag: Av=0.63s, max=0.9s) (Lag: Av=0.63s, max=0.9s) (Lag: Av=0.63s, max=0.9s)} 1-0

[Event "Stay Safe Play From Home 420"]
[Site "Emanuel Lasker Arena"]
[Date "2020.08.30"]
[Round "9"]
[White "Tumnik_ad"]
[Black "Padmaesh M K"]
[Result "1-0"]
[WhiteElo "1942"]
[BlackElo "1790"]
[PlyCount "81"]
[EventDate "2020.08.30"]
[EventType "swiss (blitz)"]

1. c3 {[%emt 0:00:02]} d5 {[%emt 0:00:02]} 2. d3 {[%emt 0:00:00]} Nf6 {[%emt 0:00:00]} 3. Nd2 {[%emt 0:00:00]} g5 {[%emt 0:00:00]} 4. h3 {[%emt 0:00:00]} h6 {[%emt 0:00:01]} 5. g4 {[%emt 0:00:00]} Bg7 {[%emt 0:00:01]} 6. Bg2 {[%emt 0:00:00]} c6 {[%emt 0:00:01]} 7. Nf1 {[%emt 0:00:00]} e5 {[%emt 0:00:01]} 8. Nf3 {[%emt 0:00:00]} Qe7 {[%emt 0:00:03]} 9. Qa4 {[%emt 0:00:03]} O-O {[%emt 0:00:01]} 10. h4 {[%emt 0:00:01]} Bxg4 {[%emt 0:00:03]} 11. hxg5 {[%emt 0:00:01]} hxg5 {[%emt 0:00:02]} 12. Bxg5 {[%emt 0:00:02]} Nbd7 {[%emt 0:00:03]} 13. Ne3 {[%emt 0:00:04]} e4 {[%emt 0:00:01]} 14. Nxg4 {[%emt 0:00:03]} exf3 {[%emt 0:00:02]} 15. Bxf3 {[%emt 0:00:01]} Qe6 {[%emt 0:00:05]} 16. Nxf6+ {[%emt 0:00:09]} Nxf6 {[%emt 0:00:00]} 17. Qh4 {[%emt 0:00:07]} Qf5 {[%emt 0:00:12]} 18. Bxf6 {[%emt 0:00:08]} Bxf6 {[%emt 0:00:02]} 19. Rg1+ {[%emt 0:00:02]} Bg7 {[%emt 0:00:02]} 20. O-O-O {[%emt 0:00:03]} b5 {[%emt 0:00:03]} 21. Rxg7+ {[%emt 0:00:01]} Kxg7 {[%emt 0:00:01]} 22. Rg1+ {[%emt 0:00:00]} Qg6 {[%emt 0:00:02]} 23. Rxg6+ {[%emt 0:00:01]} fxg6 {[%emt 0:00:00]} 24. Qe7+ {[%emt 0:00:01]} Rf7 {[%emt 0:00:00]} 25. Qe5+ {[%emt 0:00:01]} Kg8 {[%emt 0:00:03]} 26. Bg4 {[%emt 0:00:02]} Rxf2 {[%emt 0:00:03]} 27. Qe6+ {[%emt 0:00:01]} Rf7 {[%emt 0:00:01]} 28. Qxc6 {[%emt 0:00:01]} Raf8 {[%emt 0:00:01]} 29. Be6 {[%emt 0:00:01]} Kg7 {[%emt 0:00:00]} 30. Bxf7 {[%emt 0:00:00]} Rxf7 {[%emt 0:00:00]} 31. Qxd5 {[%emt 0:00:01]} Rf1+ {[%emt 0:00:01]} 32. Kc2 {[%emt 0:00:01]} Rf7 {[%emt 0:00:00]} 33. Qd4+ {[%emt 0:00:00]} Kg8 {[%emt 0:00:01]} 34. Qe3 {[%emt 0:00:00]} Kf8 {[%emt 0:00:00]} 35. Qd2 {[%emt 0:00:00]} Kg8 {[%emt 0:00:00]} 36. d4 {[%emt 0:00:00]} Kf8 {[%emt 0:00:00]} 37. d5 {[%emt 0:00:00]} Kg8 {[%emt 0:00:00]} 38. e4 {[%emt 0:00:00]} Kf8 {[%emt 0:00:00]} 39. d6 {[%emt 0:00:00]} Rd7 {[%emt 0:00:00]} 40. e5 {[%emt 0:00:01]} Rxd6 {[%emt 0:00:00]} 41. e6 {[%emt 0:00:00] Time (Lag: Av=0.36s, max=0.9s)} 1-0

[Event "Stay Safe Play From Home 420"]
[Site "Emanuel Lasker Arena"]
[Date "2020.08.30"]
[Round "9"]
[White "Mamba2001de"]
[Black "Ao017545"]
[Result "1-0"]
[WhiteElo "1484"]
[BlackElo "1659"]
[Annotator "NA"]
[PlyCount "113"]
[EventDate "2020.08.30"]
[EventType "swiss (blitz)"]

1. e4 {[%emt 0:00:01]} e5 {[%emt 0:00:01]} 2. Nf3 {[%emt 0:00:01]} Nf6 {[%emt 0:00:00]} 3. c3 {[%emt 0:00:01]} Bc5 {[%emt 0:00:01]} 4. d4 {[%emt 0:00:01]} exd4 {[%emt 0:00:01]} 5. cxd4 {[%emt 0:00:01]} Bb4+ {[%emt 0:00:03]} 6. Bd2 {[%emt 0:00:01]} Qe7 {[%emt 0:00:03]} 7. Bd3 {[%emt 0:00:02]} Bxd2+ {[%emt 0:00:03]} 8. Nbxd2 {[%emt 0:00:02]} d5 {[%emt 0:00:00]} 9. e5 {[%emt 0:00:01]} Ne4 {[%emt 0:00:02]} 10. Bxe4 {[%emt 0:00:01]} dxe4 {[%emt 0:00:00]} 11. Nxe4 {[%emt 0:00:01]} Qb4+ {[%emt 0:00:01]} 12. Nc3 {[%emt 0:00:02]} Qxb2 {[%emt 0:00:01]} 13. Rc1 {[%emt 0:00:04]} O-O {[%emt 0:00:03]} 14. O-O {[%emt 0:00:01]} Nc6 {[%emt 0:00:03]} 15. Qd2 {[%emt 0:00:01]} Qxd2 {[%emt 0:00:01]} 16. Nxd2 {[%emt 0:00:01]} Nxd4 {[%emt 0:00:01]} 17. Rfd1 {[%emt 0:00:01]} Bf5 {[%emt 0:00:06]} 18. Nf3 {[%emt 0:00:01]} Nxf3+ {[%emt 0:00:02]} 19. gxf3 {[%emt 0:00:01]} Be6 {[%emt 0:00:00]} 20. f4 {[%emt 0:00:02]} c5 {[%emt 0:00:01]} 21. Rd6 {[%emt 0:00:02]} b6 {[%emt 0:00:01]} 22. Rcd1 {[%emt 0:00:01]} Bg4 {[%emt 0:00:02]} 23. R1d2 {[%emt 0:00:02]} Bf5 {[%emt 0:00:01]} 24. Na4 {[%emt 0:00:02]} Bc8 {[%emt 0:00:04]} 25. Nc3 {[%emt 0:00:01]} Ba6 {[%emt 0:00:00]} 26. Ne4 {[%emt 0:00:02]} Bb7 {[%emt 0:00:01]} 27. Ng5 {[%emt 0:00:01]} Bc8 {[%emt 0:00:03]} 28. Rd8 {[%emt 0:00:04]} Bf5 {[%emt 0:00:00]} 29. Rxf8+ {[%emt 0:00:02]} Kxf8 {[%emt 0:00:05]} 30. Rd6 {[%emt 0:00:01]} Bg6 {[%emt 0:00:00]} 31. Nf3 {[%emt 0:00:01]} Bh5 {[%emt 0:00:02]} 32. Nh4 {[%emt 0:00:01]} Bg6 {[%emt 0:00:00]} 33. Nxg6+ {[%emt 0:00:01]} hxg6 {[%emt 0:00:00]} 34. h4 {[%emt 0:00:00]} Ke7 {[%emt 0:00:00]} 35. Rd3 {[%emt 0:00:01]} Rd8 {[%emt 0:00:00]} 36. Rxd8 {[%emt 0:00:01]} Kxd8 {[%emt 0:00:00]} 37. Kg2 {[%emt 0:00:00]} Ke7 {[%emt 0:00:00]} 38. Kf3 {[%emt 0:00:00]} Ke6 {[%emt 0:00:01]} 39. Ke4 {[%emt 0:00:00]} c4 {[%emt 0:00:02]} 40. Kd4 {[%emt 0:00:01]} b5 {[%emt 0:00:00]} 41. a3 {[%emt 0:00:01]} a5 {[%emt 0:00:00]} 42. f3 {[%emt 0:00:01]} b4 {[%emt 0:00:00]} 43. axb4 {[%emt 0:00:01]} a4 {[%emt 0:00:00]} 44. Kxc4 {[%emt 0:00:01]} a3 {[%emt 0:00:00]} 45. Kb3 {[%emt 0:00:01]} a2 {[%emt 0:00:00]} 46. Kxa2 {[%emt 0:00:01]} Kd5 {[%emt 0:00:00]} 47. Kb3 {[%emt 0:00:00]} Kc6 {[%emt 0:00:01]} 48. Kc4 {[%emt 0:00:01]} Kb6 {[%emt 0:00:00]} 49. b5 {[%emt 0:00:01]} f6 {[%emt 0:00:00]} 50. Kd5 {[%emt 0:00:02]} f5 {[%emt 0:00:01]} 51. Ke6 {[%emt 0:00:02]} Kxb5 {[%emt 0:00:00]} 52. Kf7 {[%emt 0:00:01]} Kc4 {[%emt 0:00:00]} 53. Kxg7 {[%emt 0:00:01]} Kd3 {[%emt 0:00:00]} 54. Kxg6 {[%emt 0:00:00]} Ke3 {[%emt 0:00:00]} 55. Kxf5 {[%emt 0:00:01]} Kxf3 {[%emt 0:00:00]} 56. e6 {[%emt 0:00:00]} Kf2 {[%emt 0:00:00]} 57. e7 {[%emt 0:00:00] Zaman Zaman Zaman (Lag: Av=0.68s, max=1.0s) (Lag: Av=0.68s, max=1.0s) (Lag: Av=0.68s, max=1.0s)} 1-0

[Event "Stay Safe Play From Home 420"]
[Site "Emanuel Lasker Arena"]
[Date "2020.08.30"]
[Round "9"]
[White "KING o KONG"]
[Black "NTBT_DHS"]
[Result "0-1"]
[WhiteElo "964"]
[BlackElo "2585"]
[PlyCount "36"]
[EventDate "2020.08.30"]
[EventType "swiss (blitz)"]

1. d3 {[%emt 0:00:02]} g6 {[%emt 0:00:00]} 2. e3 {[%emt 0:00:01]} Bg7 {[%emt 0:00:00]} 3. b3 {[%emt 0:00:03]} d6 {[%emt 0:00:00]} 4. Bb2 {[%emt 0:00:01]} Bxb2 {[%emt 0:00:01]} 5. Nc3 {[%emt 0:00:02]} Bxc3+ {[%emt 0:00:01]} 6. Ke2 {[%emt 0:00:03]} Nf6 {[%emt 0:00:00]} 7. Rb1 {[%emt 0:00:01]} O-O {[%emt 0:00:01]} 8. Nf3 {[%emt 0:00:01]} e5 {[%emt 0:00:00]} 9. g4 {[%emt 0:00:06]} Bxg4 {[%emt 0:00:01]} 10. Bg2 {[%emt 0:00:02]} d5 {[%emt 0:00:01]} 11. h3 {[%emt 0:00:01]} Bh5 {[%emt 0:00:01]} 12. b4 {[%emt 0:00:02]} e4 {[%emt 0:00:01]} 13. dxe4 {[%emt 0:00:02]} dxe4 {[%emt 0:00:00]} 14. Qxd8 {[%emt 0:00:03]} Rxd8 {[%emt 0:00:00]} 15. Rb3 {[%emt 0:00:02]} Rd2+ {[%emt 0:00:01]} 16. Kf1 {[%emt 0:00:10]} exf3 {[%emt 0:00:00]} 17. Bxf3 {[%emt 0:00:01]} Bxf3 {[%emt 0:00:01]} 18. Rg1 {[%emt 0:00:01]} Rd1# {[%emt 0:00:01] Mate Mate Mate} 0-1